000 00859nam a2200241 a 4500
008
049 _aMAIN
090 _aHG3852
_bRES
110 0 1 _a Reserve Bank of Zimbabwe.
245 1 0 _aSun-rise :
_ba new beginning - the national payments system and the observed disintermediation
_nneed for currency reforms /
_cdelievered by Gedion Gono.
260 _aHarare :
_bReserve Bank of Zimbabwe,
_c2006.
300 _a28 p. :
_bcol. ill. ;
_c30 cm.
500 _aJuly 2006.
500 _aSupplement to the first half 2006 monetary policy review.
650 _aCurrency reforms
_zZimbabwe.
650 _aCurreny revaluation
_zZimbabwe.
650 1 _aCurrency devaluation
_zZimbabwe.
907 _a.b10212061
_b29-01-16
_c28-08-06
003
005 20230120153121.0
040 _cNUST
942 _cBOOKS
_kHG3852
_mRES
999 _c99070
_d99070